000 00753nam a22002057a 4500
003 BCEG
005 20260409130134.0
008 260409s1993 mx|||||| |||| 00| 0 spa d
040 _aBCEG
_bspa
_cBCEG
082 0 4 _aCLM346.073
_bL681g 1993
245 0 0 _aLey General de Títulos y Operaciones de Crédito.
260 _aMéxico :
_bPAC,
_c1993.
300 _a88 p.
500 _aMaterial donado por el Círculo Leonés Mutualista.
506 _aPara uso exclusivo en sala de Fondos Especiales; Requiere autorización para reproducción.
_eReglamento de la Sala de Fondos Especiales.
535 _aDisponible en la colección Círculo Leonés Mutualista.
541 _aDonación.
650 1 4 _aCrédito
_xLeyes y legislación
_zMéxico.
942 _cBK
999 _c437173
_d437173